| 000 | 00616nam a2200181 4500 | ||
|---|---|---|---|
| 005 | 20241022115240.0 | ||
| 010 | _aENG-142236 | ||
| 020 | _c225.00 | ||
| 035 | _aEN-125768 | ||
| 037 | _bDBAD | ||
| 082 | _a615.532 | ||
| 245 |
_aHomoeo Patients (Materia Medica in Verse) _cCompiled By- Onkar Singh Khalsa |
||
| 260 |
_aNew Delhi _bPushkinder Singh Khalsa |
||
| 270 |
_aTanya Impex Amrit Niwas, 7/18 _bWest Patel Nagar _e110008 _k9899651275 _k9810527456 _mimpex.tanya@gmail.com |
||
| 300 |
_a219p. _c17cm(pb) |
||
| 700 |
_aCompiled By- Onkar Singh Khalsa _973130 |
||
| 942 |
_2ddc _cEN _h615.532 _mHOM |
||
| 999 |
_c206557 _d206557 |
||